| 000 | 01744nam a22002657a 4500 | ||
|---|---|---|---|
| 999 |
_c58697 _d58697 |
||
| 003 | Ge_BSU | ||
| 005 | 20220630131446.0 | ||
| 008 | 220630s2017 ge ||||| |||| 00| 0 geo d | ||
| 020 | _a9789941097829 | ||
| 041 | _ageo | ||
| 080 | _a638.1(075) მ-50 | ||
| 245 |
_aმეფუტკრეობა : _bსახელმძღვანელო / _cწიგნზე მუშაობდნენ თემურ ღოღობერიძე, გოგი მაძღარაშვილი, მაია ფეიქრიშვილი და სხვ.; რედ. თამარ სანიკიძე, თამარ ახალაძე. |
||
| 264 |
_aთბილისი, _c2017. |
||
| 300 |
_a280 გვ. : _bოლ.; _c25 სმ. |
||
| 500 | _aსახელმძღვანელო შედგენილია გაეროს განვითარების პროგრამისა (UNDP) და შვეიცარიის განვითარებისა და თანამშრომლობის სააგენტოს (SDC) მხარდაჭერით. | ||
| 504 | _aბიბლიოგრ. გვ. 279-280 | ||
| 653 | _aმეფუტკრეობა | ||
| 653 | _aსახელმძღვანელო | ||
| 700 |
_aღოღობერიძე, თემურ _914257 |
||
| 700 |
_aმაძღარაშვილი, გოგი _914258 |
||
| 700 |
_a ფეიქრიშვილი, მაია და სხვ.; _914259 |
||
| 700 |
_a სანიკიძე, თამარ _eრედაქტორი _914260 |
||
| 700 |
_a ახალაძე, თამარ _eრედაქტორი _914261 |
||
| 942 |
_2udc _cBK |
||